000 00835nam a22002417a 4500
005 20250422135230.0
008 250422b |||||||| |||| 00| 0 eng d
020 _a978-81-7702-455-5 (hbk)
037 _cTB
040 _aCRL
_cCRL
041 _2eng
_aeng
_hsan
084 _aO15,1:g(S:55) 111R0
_qCRL
245 _aAnangarangah of Sri Kalyanamalla
260 _aDelhi, India:
_bPratibha Prakashan,
_c2020.
300 _a241p.
365 _b895.00
_cINR
546 _aTranslated from Sanskrit to English
650 _aSanskrit Poetry
_9752695
650 _aSanskrit Literature
_9752696
700 _aPandey, Gyanendra (Editor)
_9752697
942 _2CC
_cTB
_hO15,1:g(S:55) 111R0
_n0
999 _c1309273
_d1309273